000 00579nam a2200181Ia 4500
003 GCL
008 140319s9999 xx 000 0 ara d
040 _aGCL /
_cGCL
082 0 4 _a300.72
_bص ت
100 1 _aصالح بن حمد العساف
245 1 0 _aالتقويم الذاتى للباحثين فى العلوم السلوكية /
_cصالح بن حمد العساف
300 _a304 ص
490 _a
650 0 4 _aالتثقيف الذاتى
650 0 4 _aالعلوم الاجتماعية - بحوث
650 0 4 _aالتعليم الذاتى
942 _2ddc
_cBK
999 _c44877
_d44877